| 000 | 00800nam a2200241 i 4500 | ||
|---|---|---|---|
| 001 | 46807 | ||
| 003 | ES-MaACL | ||
| 005 | 20230906161441.0 | ||
| 007 | t| | ||
| 008 | 030401m19751976sp ||||1| spa d | ||
| 100 | 1 |
_aConnor, F. R. _940209 |
|
| 245 | 1 | 0 |
_aTemas de telecomunicación / _cF. R. Connor. |
| 250 | _a1ª ed. | ||
| 260 |
_aBarcelona : _bLabor, _c1975-76. |
||
| 300 |
_a6 v. ; _c20 cm. |
||
| 490 | 1 |
_aNuevos manuales técnicos Labor ; _v39-44 |
|
| 500 | _aIndice. | ||
| 504 | _aBibliografía. | ||
| 505 | 8 | _aContiene: V. I: Señales. -- V. II: Circuitos. -- V. III: Transmisión de ondas. -- V. IV: Antenas. -- V. V: Modulación. -- V. VI: Ruido | |
| 830 | 0 |
_aNuevos manuales técnicos Labor ; _v39-44 _9181525 |
|
| 852 |
_aES-MaACL _jL-10446-51 _bR.112317 |
||
| 999 |
_c46807 _d46807 |
||